Čiernica (ČA) pôdy Slovenska

Bibliographic Details
Main Author: Bielek, Pavol, 1946- (Author)
Other Authors: Jamriška, Pavel, 1937- (Reviewer)
Format: Article
Language:Slovak
PhysicalDescription:Fotogr., mp., tab.
ISSN:1335-2466
Subjects:

MARC

LEADER 00000nab a2200000 a 4500
001 vtls000884690
003 SK-MaSNL
005 20260304121338.0
008 250429c2004 xo 0 slo
015 |a SNBRB2004/09-26710 
035 |a CLN000236147 
035 |a urn:nbn:sk:snk-abtcf 
035 |a (urnnbn)urn:nbn:sk:snk:ar-a04l1x 
035 |a (uuid)ea349873-98ce-4c2e-882c-e7a2f560356d 
040 |a SNKBUCL  |b slo  |c SNKBUCL  |e AACR2 
041 0 |a slo 
044 |a xo  |c SK 
080 |a 631.445(437.6)  |2 1997 
100 1 |a Bielek, Pavol,  |d 1946-  |4 aut  |9 188451 
245 1 0 |a Čiernica (ČA)  |b pôdy Slovenska  |c Pavol Bielek ; recenzoval P. Jamriška 
300 |b Fotogr., mp., tab. 
650 0 7 |a čiernice  |z Slovensko  |2 snkbucl  |9 1426156 
655 7 |a články z novín a časopisov  |2 snkbucl  |9 267496 
700 1 |a Jamriška, Pavel,  |d 1937-  |4 rev  |9 103463 
773 0 |t Naše pole  |g Roč. 8, č. 7 (2004), s. 53  |x 1335-2466 
850 |a Slovenská národná knižnica 
852 |a Slovenská národná knižnica 
954 |a odborná, vedecká literatúra pôvodná (slovenská)  |2 lita 
958 |a article27 
958 |a SK 
958 |a OND 
958 |a EUIPO 
992 |a RBX 
999 |c 2884626  |d 2886556